Tlačené funkčné vrstvy využiteľné v oblasti inteligentných textílií

Saved in:
Bibliographic Details
Main Author: Vályi, Lukáš (Author)
Other Authors: Hatala, Michal (Thesis advisor)
Format: Manuscript Book
Language:Slovak
Published: 2024
Subjects:
Online Access:http://is.stuba.sk/zp/portal_zp.pl?podrobnosti=177861
Tags: Add Tag
No Tags, Be the first to tag this record!

MARC

LEADER 00000ntm a22000003a 4500
001 stuzp99380
003 SK-STU
005 20240601210719.0
007 ta
008 150427s2015----xo-----f-mn---000-0-slo-d
040 |a STU  |b slo 
041 0 |a slo 
100 1 |a Vályi, Lukáš  |u 049160  |k Z4  |4 aut  |U FCHPT Ústav prírodných a syntetických polymérov  |T FCHPT Oddelenie polygrafie a aplikovanej fotochémie  |X 97541  |U C9160  |Y 127  |7 97541 
242 0 1 |a Printed functional layers applicable in the field of smart textiles  |y eng 
245 1 0 |a Tlačené funkčné vrstvy využiteľné v oblasti inteligentných textílií 
260 |c 2024 
650 4 |a silikón  |2 slo 
650 4 |a inteligentné textílie  |2 slo 
650 4 |a plastizol  |2 slo 
650 4 |a elektrokardiogram  |2 slo 
650 4 |a sieťotlač  |2 slo 
650 4 |a silicone  |2 eng 
650 4 |a smart textiles  |2 eng 
650 4 |a electrocardiogram  |2 eng 
650 4 |a screen printing  |2 eng 
650 4 |a plastisol  |2 eng 
700 1 |a Hatala, Michal  |u 049160  |k Z2  |4 ths  |U FCHPT Ústav prírodných a syntetických polymérov  |T FCHPT Oddelenie polygrafie a aplikovanej fotochémie  |X 77032  |U C9160  |Y 127  |7 A000077032 
856 4 |u http://is.stuba.sk/zp/portal_zp.pl?podrobnosti=177861